La cazadora de Indiana Jones (Registro nro. 8952)

Detalles MARC
000 -LIDER
fixed length control field 00717nam a2200289 4500
001 - NÚMERO DE CONTROL
Identificador de número de control 409075
003 - IDENTIFICACDOR DE NÚMERO DE CONTROL
control field DO-SdBNP
005 - DATE AND TIME OF LATEST TRANSACTION
control field 20180220111822.0
007 - CAMPOS FIJOS DE DESCRIPCIÓN FÍSICA
fixed length control field 409075
008 - ELEMENTOS DE LONGITUD FIJA
fixed length control field 940701s1993 sp | |||| ||spa
016 7# - NO. DE CONTROL DE LA AGENCIA BIB. NACIONAL
Record control number
Source BPMSU
017 ## - NÚMERO DE REGISTRO DE DERECHOS DE AUTOR
Copyright or legal deposit number
Assigning agency
020 ## - ISBN
International Standard Book Number 8434827662
035 ## - NÚMERO LOCAL
System control number
040 ## - FUENTE DE CATALOGACIÓN
Agencia que crea de manera original el registro BPMSU
Idioma de catalogación spa
Agencia que realiza la transcripción BPMSU
Convenciones de la despripción
080 #0 - NÚMERO DE CLASIFICACIÓN DECIMAL UNIVERSAL
Universal Decimal Classification number
100 1# - ASIENTO PRINCIPAL -- NOMBRE PERSONAL
Nombre personal Balzola, Asun
Fechas asociadas con el nombre 1942-2006
245 13 - MENCIÓN DE TITULO
Título La cazadora de Indiana Jones
Mención de responsabilidad Asun Balzola
Medio (Designación general de material)
250 ## - MENCIÓN DE EDICION
Mención de edición 6ª ed.
260 ## - PUBLICACIÓN, DISTRIBUCIÓN, ETC. (PIE DE IMPRENTA)
Lugar de publicación, distribución, etc Madrid :
Nombre del editor, distribuidor, etc. SM,
Fecha de publicación, distribución, etc 1993
300 ## - DESCRIPCIÓN FÍSICA
Extensión 110 p. ;
Otros detalles físicos il. :
Dimensiones 20 cm.
490 ## - MENCIÓN DE SERIES
Mención de serie El barco de vapor
Volume/sequential designation 53
500 ## - NOTA GENERAL
Nota general
942 ## - ADDED ENTRY ELEMENTS (KOHA)
Source of classification or shelving scheme Dewey Decimal Classification
Koha item type Libros
945 ## - INFORMACIÓN DE PROCESAMIENTO LOCAL
Información de procesamiento local Inventariado, 2018 / BT
956 ## - LOCAL ELECTRONIC LOCATION AND ACCESS (OCLC)
Nombre de host VMATEO
Método de acceso 10
Materiales especificados 20151130
Enlace BPMSU
Campo enlazado y núm. de secuencia 00151
Existencias
Withdrawn status Lost status Source of classification or shelving scheme Damaged status Not for loan Collection code Home library Current library Date acquired Source of acquisition Total Checkouts Barcode Date last seen Price effective from Koha item type
    Dewey Decimal Classification     Colección Infantil General Biblioteca Pública Metropolitana Salomé Ureña Biblioteca Pública Metropolitana Salomé Ureña 02/20/2018 Agencia de Cooperación Internacional del Japón   BPMSU15110536 11/30/2015 11/30/2015 Libros